Judgments made to measure (Record no. 67242)

MARC details
000 -LEADER
fixed length control field 01336cam a2200229 4500
001 - CONTROL NUMBER
control field ABS63982
008 - FIXED-LENGTH DATA ELEMENTS--GENERAL INFORMATION
fixed length control field 000000n2001 000 0 eng u
035 ## - SYSTEM CONTROL NUMBER
System control number (Sirsi) u112955
100 ## - MAIN ENTRY--PERSONAL NAME
Personal name McConnell, T
245 ## - TITLE STATEMENT
Title Judgments made to measure
260 ## - PUBLICATION, DISTRIBUTION, ETC.
Date of publication, distribution, etc. 2001
490 ## - SERIES STATEMENT
Series statement Property Week
Volume/sequential designation 66(21) 25 May 2001, 80-81(2)
520 ## - SUMMARY, ETC.
Summary, etc. Reports on the Adjudication Panel (APT), a new system of adjudication launched on 2 April 2001 which forms an association of lawyers, barristers, judges and specialists. The APT claims to offer a faster, quicker and more straightfoward method of dispute resolution; contractually binding decisions can be made in seven days and APT is not affected by inflexible, time consuming legislation. Although the concept of APT is not entirely original and APT has only received a few enquiries, APT does offer another choice for resolving commercial property disputes.
590 ## - LOCAL NOTE (RLIN)
Local note ABS
650 ## - SUBJECT ADDED ENTRY--TOPICAL TERM
Topical term or geographic name entry element MANAGEMENT-DISPUTE AVOIDANCE, MANAGEMENT AND RESOLUTION-DISPUTE MANAGEMENT AND RESOLUTION-ALTERNATIVE DISPUTE RESOLUTION-ADJUDICATION
650 ## - SUBJECT ADDED ENTRY--TOPICAL TERM
Topical term or geographic name entry element MANAGEMENT-DISPUTE AVOIDANCE, MANAGEMENT AND RESOLUTION-DISPUTE MANAGEMENT AND RESOLUTION-ARBITRATION
650 ## - SUBJECT ADDED ENTRY--TOPICAL TERM
Topical term or geographic name entry element INDEPENDENT EXPERTS
650 ## - SUBJECT ADDED ENTRY--TOPICAL TERM
Topical term or geographic name entry element MEDIATION
650 ## - SUBJECT ADDED ENTRY--TOPICAL TERM
Topical term or geographic name entry element ADJUDICATION PANEL
690 ## - LOCAL SUBJECT ADDED ENTRY--TOPICAL TERM (OCLC, RLIN)
Topical term or geographic name as entry element Dispute resolution
9 (RLIN) 6236
942 ## - ADDED ENTRY ELEMENTS (KOHA)
Suppress in OPAC 0
Holdings
Withdrawn status Lost status Source of classification or shelving scheme Damaged status Not for loan Home library Current library Shelving location Date acquired Total Checkouts Full call number Barcode Date last seen Copy number Price effective from Koha item type
    Dewey Decimal Classification     London London Journal article 05/06/2001   ABS63982 112955-1001 06/08/2019 1 06/08/2019 Journal article